Australian Words - Statistics

General Stats
  • This quiz has been taken 45 times
  • The average score is 9 of 15
Answer Stats
American Australian % Correct
French Fries Hot Chips
87%
Soccer Footy/Football
84%
Eraser Rubber
84%
Flip Flops Thongs
76%
Breakfast Brekky
74%
Math Maths
74%
Avocado Avo
68%
Toilet Dunny
58%
Candy Lollies
58%
Cilantro Coriander
55%
Cookie Bikkie
53%
Grocery Store Supermarket
53%
Sidewalk Footpath
42%
Popsicle Ice block
39%
Stomach Tommo
5%
No matching quizzes found
Score Distribution
Percent of People with Each Score
Percentile by Number Answered
Your Score History
You have not taken this quiz